000 00354nam a2200145 a 4500
008 990121s1975||||xx 0 und c
040 _aSNK
_bslo
_cSNK
_eAACR2
100 1 _aNowak, Tadeusz
245 1 0 _aA keď kráľom a keď katom budeš
260 _aBratislava
_bTatran
_c1975
300 _a247 s.
041 _aslo
044 _axo
_cSK
020 _c18
999 _c12190
_d12190